| 000 | 00917cam a2200253 a 4500 | ||
|---|---|---|---|
| 001 | 000013020 | ||
| 003 | DO-SdBNP | ||
| 005 | 20260429112848.0 | ||
| 008 | 960214s1995 ec b 001 0 spa | ||
| 020 | _z9978826865 | ||
| 040 |
_aDO-SdBNP _bspa _cDLC _dBNPHU |
||
| 049 | _aBNGR | ||
| 082 |
_a364.177 _bB275L |
||
| 100 | 1 |
_aBarriga López, Franklin. _d1945- _930052 |
|
| 245 | 1 | 0 |
_aLegalización de las drogas? / _cFranklin Barriga López. |
| 260 |
_aQuito, (Ecuador) : _bGrupo de Observadores Latinoamericanos ; _bInstituto Ecuatoriano de Estudios para las Relaciones Internacionales, _c1995. |
||
| 300 |
_a261 p. ; _c22 cm. |
||
| 504 | _aIncluye referencias bibliográficas (p. [253] -257). | ||
| 650 |
_aDrogas _xLeyes y legislación _zEcuador _930053 |
||
| 650 | 0 |
_aLegalización de las drogas _xLegalización _930054 |
|
| 650 | 0 |
_aDrogas _917130 |
|
| 910 | _aCatalogación por copia / LC | ||
| 942 |
_2ddc _cLBS1 |
||
| 999 |
_c12667 _d12667 |
||